| 000 | 00000cas 2200000zi 4500 |
| 001 | 9.853052 |
| 003 | CaOODSP |
| 005 | 20251219104810 |
| 006 | m o d f |
| 007 | cr cn |||||||| |
| 008 | 180307d19822007oncmr p os f0 a0eng|d |
| 022 | |a2290-8404 |
| 040 | |aCaOODSP|beng|erda|cCaOODSP |
| 041 | 0 |aeng|afre |
| 043 | |an-cn--- |
| 086 | 1 |aIu74-6-PDF |
| 222 | 0|aBankruptcy statistics |
| 245 | 10|aBankruptcy statistics for the month of ... = |bStatistiques de faillite pour le mois de ... |
| 246 | 31|aStatistiques de faillite pour le mois de ... |
| 246 | 1 |aBankruptcy statistics = |bStatistiques de faillites |
| 246 | 31|aStatistiques de faillites |
| 264 | 1|a[Ottawa] : |bOffice of the Superintendent of Bankruptcy = Bureau du surintendant des faillites, |c[1982?-2007] |
| 310 | |aMonthly |
| 336 | |atext|btxt|2rdacontent |
| 337 | |acomputer|bc|2rdamedia |
| 338 | |aonline resource|bcr|2rdacarrier |
| 362 | 1 |aBegan in 1982?; ceased with: December 2007. |
| 500 | |aDigitized publication from print (issues for 1983-2003) [produced by Innovation, Science and Economic Development Canada]. |
| 500 | |aThe order of titles varies on some issues. |
| 546 | |aText in English and French. |
| 580 | |aSplit into: Insolvency statistics in Canada (Monthly), and: Statistiques sur l'insolvabilité au Canada (Monthly). |
| 588 | |aDescription based on: January 1983; title from PDF cover page. |
| 588 | |aLatest issue consulted: December 2007. |
| 650 | 0|aBankruptcy|zCanada|vStatistics|vPeriodicals. |
| 655 | 7|aPeriodicals|2lcgft |
| 655 | 7|aStatistics|2lcgft |
| 710 | 1 |aCanada. |bOffice of the Superintendent of Bankruptcy, |eissuing body. |
| 785 | 00|tInsolvency statistics in Canada.|w(CaOODSP)9.507914 |
| 788 | |tBankruptcy statistics for the month of ... = |efre|w(CaOODSP)9.853054 |